| 000 | 00469nam a2200169 i 4500 | ||
|---|---|---|---|
| 001 | 85306 | ||
| 003 | ES-MaACL | ||
| 005 | 20230906175222.0 | ||
| 007 | t| | ||
| 008 | 041126s1923 sp ||||1| spa d | ||
| 100 | 1 |
_aJordán Larré, Luis. _966923 |
|
| 245 | 1 | 0 |
_aAyer y hoy _b: prosa y verso / _cLuis Jordán Larré. |
| 260 |
_aMadrid : _b[s.n., _c1923] ( _fIndustrial Gráfica) |
||
| 300 |
_a110 p. : _bil. |
||
| 500 | _aPrimera serie. | ||
| 852 |
_aES-MaACL _j1656-F-6 |
||
| 999 |
_c85306 _d85306 |
||